| 000 | 00387nam a22001337a 4500 | ||
|---|---|---|---|
| 082 |
_a966.26 _bVAN _cD |
||
| 100 |
_aVandeleur, Seymour _950176 |
||
| 245 |
_aCampaigning on the upper nile and niger / _cSeymour Vandeleur |
||
| 260 |
_aLondon : _bMethuen & Co Ltd, _c1898. |
||
| 300 | _axxvii, 40 p. : | ||
| 526 |
_a0 _b0 _c0 _d966_260000000000000_VAN |
||
| 650 |
_aMCE _9379 |
||
| 942 |
_2ddc _cBK |
||
| 999 |
_c552907 _d552907 |
||